[Event "Druzynowe Mistrzostwa Polski w Szachach I LIGA 2021"]
[Site "Szklarska Poreba"]
[Date "1899-12-30"]
[Round "7.42"]
[White "Trybowska, Barbara"]
[Black "Marcinczyk, Monika"]
[Result "0-1"]
[WhiteTitle "I++"]
[BlackTitle "WCM"]
[WhiteElo "1806"]
[BlackElo "1982"]

1. d4 d5 2. Bf4 Nf6 3. e3 e6 4. Nf3 c5 5. c3 Nc6 6. Nbd2 cxd4 7. exd4 Nh5 8. Be5
f6 9. Bg3 Nxg3 10. hxg3 Bd6 11. Bd3 f5 12. Qe2 O-O 13. Ne5 Bxe5 14. dxe5 d4 15.
Nc4 Qd5 16. f4 h6 17. Nd6 dxc3 18. bxc3 Qc5 19. Rc1 b6 20. Qf2 Nxe5 21. fxe5 Qxe5+
22. Ne4 fxe4 23. Qe3 Bb7 24. Rh4 Qg5 25. Qxg5 hxg5 26. Rxe4 Bxe4 27. Bxe4 Rac8
28. Ke2 Rc5 29. Ke3 b5 30. Kd4 Rfc8 31. a3 Rc4+ 32. Kd3 a5 33. Bb7 Rd8+ 34. Ke3
b4 35. Kd4 0-1

[Event "Druzynowe Mistrzostwa Polski w Szachach I LIGA 2021"]
[Site "Szklarska Poreba"]
[Date "1899-12-30"]
[Round "7.43"]
[White "Maciejczak, Jakub"]
[Black "Stachowiak, Kamil"]
[Result "1/2-1/2"]
[WhiteTitle "FM"]
[BlackTitle "IM"]
[WhiteElo "2363"]
[BlackElo "2470"]

1. Nf3 c5 2. g3 g6 3. Bg2 Bg7 4. c4 Nc6 5. O-O e5 6. Nc3 Nge7 7. a3 O-O 8. Rb1
d6 9. Ne1 Be6 10. d3 d5 11. cxd5 Nxd5 12. Nc2 b6 13. Ne3 Nxe3 14. Bxe3 Rc8 15.
Qa4 Qd7 16. Rfc1 f5 17. b4 f4 18. Bd2 c4 19. Be4 cxd3 20. Bxd3 Bf5 21. Ne4 fxg3
22. hxg3 Bxe4 23. Bxe4 Qxd2 24. Bxc6 Qxe2 25. Rc2 Qd3 26. Qb3+ Qxb3 27. Rxb3 Rcd8
28. Kg2 Rd4 29. Re3 Rfd8 30. Bb5 Rd2 1/2-1/2

[Event "Druzynowe Mistrzostwa Polski w Szachach I LIGA 2021"]
[Site "Szklarska Poreba"]
[Date "1899-12-30"]
[Round "7.44"]
[White "Dobrowolski, Piotr"]
[Black "Kucza, Karol"]
[Result "1/2-1/2"]
[WhiteTitle "IM"]
[BlackTitle "FM"]
[WhiteElo "2413"]
[BlackElo "2322"]

1. e4 e5 2. Nf3 Nc6 3. Bb5 a6 4. Ba4 Nf6 5. O-O Nxe4 6. d4 b5 7. Bb3 d5 8. dxe5
Be6 9. Nbd2 Nc5 10. c3 d4 11. Bxe6 Nxe6 12. cxd4 Ncxd4 13. a4 Bb4 14. axb5 Nxb5
15. Qa4 c5 16. Ne4 O-O 17. Be3 Qd5 18. Ng3 Nbd4 19. Nxd4 cxd4 20. Rad1 Bc5 21.
Rfe1 Rfd8 22. Bc1 a5 23. Nf5 g6 24. Nh6+ Kg7 25. Ng4 Bb4 26. Bh6+ Kh8 27. Nf6
Qc4 28. Rc1 Qd3 29. Rcd1 Qf5 30. Re4 Nc5 31. Qa2 Qe6 32. Qxe6 Nxe6 33. Rh4 Rac8
34. Kf1 Be7 35. Bg7+ Kxg7 36. Rxh7+ Kf8 37. Rh8+ 1/2-1/2

[Event "Druzynowe Mistrzostwa Polski w Szachach I LIGA 2021"]
[Site "Szklarska Poreba"]
[Date "1899-12-30"]
[Round "7.45"]
[White "Janaszak, Dawid"]
[Black "Ochedzan, Tymon"]
[Result "0-1"]
[WhiteTitle "FM"]
[BlackTitle "FM"]
[WhiteElo "2348"]
[BlackElo "2300"]

1. d4 Nf6 2. Bf4 g6 3. Nf3 b6 4. e3 Bb7 5. Nbd2 Bg7 6. h3 O-O 7. c3 d6 8. Bb5 Nbd7
9. O-O e5 10. Bh2 Qe7 11. a4 e4 12. Ne1 Nh5 13. a5 Rab8 14. Qa4 Rfd8 15. Nc2 Nf8
16. a6 Ba8 17. Nb4 c5 18. Nc6 Bxc6 19. Bxc6 f5 20. Nc4 Ne6 21. Bb7 f4 22. Qc6
d5 23. Na3 Rd6 24. Qa4 Nd8 25. Nb5 Nxb7 26. axb7 Rf6 27. Qxa7 Rxb7 28. Qa2 c4
29. b3 f3 30. bxc4 Rf8 31. cxd5 Qg5 32. g3 Nf6 33. Kh1 Qh5 34. g4 Qxh3 35. Rg1
Nxg4 36. d6+ Kh8 37. Rxg4 Qxg4 38. Rg1 Qd7 39. c4 Rbb8 40. Qc2 Qf5 41. Nc3 Rfe8
42. d7 Qxd7 43. Bxb8 Rxb8 44. Rg3 Re8 45. Qa4 Qf7 46. Qc6 Qe7 47. Rg4 Rf8 48.
Nxe4 Qa3 49. Ng5 Qd3 50. Ne4 Qf1+ 51. Kh2 Rf5 52. Rg5 h6 53. Qe8+ Rf8 54. Qxg6
hxg5 55. Qxg5 Qxc4 56. Qh5+ Kg8 57. Ng5 Qc7+ 58. Kh1 Qc2 59. e4 Qc1+ 60. Kh2 Qf4+
61. Kh3 Rf6 0-1

[Event "Druzynowe Mistrzostwa Polski w Szachach I LIGA 2021"]
[Site "Szklarska Poreba"]
[Date "1899-12-30"]
[Round "7.46"]
[White "Luberanski, Jakub"]
[Black "Jasnikowski, Zbigniew"]
[Result "1/2-1/2"]
[WhiteTitle "FM"]
[BlackTitle "IM"]
[WhiteElo "2188"]
[BlackElo "2326"]

1. d4 Nf6 2. c4 g6 3. Nc3 d5 4. cxd5 Nxd5 5. e4 Nxc3 6. bxc3 Bg7 7. Nf3 c5 8. Bb5+
Nc6 9. d5 Qa5 10. Rb1 a6 11. Bxc6+ bxc6 12. dxc6 Qxa2 13. Qb3 Qxb3 14. Rxb3 Be6
15. Ra3 O-O 16. Be3 Rfc8 17. Bxc5 Rxc6 18. Bd4 f6 19. e5 Bd5 20. exf6 Bxf6 21.
O-O Bxf3 22. gxf3 Bxd4 1/2-1/2

[Event "Druzynowe Mistrzostwa Polski w Szachach I LIGA 2021"]
[Site "Szklarska Poreba"]
[Date "1899-12-30"]
[Round "7.47"]
[White "Skurniak, Szymon"]
[Black "Kolasinski, Krzysztof"]
[Result "0-1"]
[WhiteTitle "k"]
[BlackTitle "k"]
[WhiteElo "2080"]
[BlackElo "2112"]

1. Nf3 Nf6 2. g3 g6 3. Bg2 Bg7 4. O-O O-O 5. c4 d6 6. Nc3 e5 7. Rb1 a5 8. a3 Nc6
9. d3 h6 10. b4 axb4 11. axb4 Be6 12. b5 Ne7 13. Bb2 Qd7 14. Re1 Bh3 15. Bh1 Ng4
16. Qb3 Kh7 17. Ra1 f5 18. Rxa8 Rxa8 19. e3 g5 20. Nd2 c6 21. bxc6 bxc6 22. c5
d5 23. Na4 Qe8 24. Nb6 Rb8 25. f3 Nxh2 26. Kxh2 Qh5 27. Kg1 f4 28. exf4 gxf4 29.
Qc2 fxg3 30. Nf1 g2 31. Bxg2 Rg8 32. Ng3 Qh4 33. Bxe5 Bxe5 34. Rxe5 Rxg3 35. Re2
Nf5 36. Nd7 Nd4 37. Nf8+ Kg8 38. Ng6 Rxg6 39. Re8+ Kf7 0-1

[Event "Druzynowe Mistrzostwa Polski w Szachach I LIGA 2021"]
[Site "Szklarska Poreba"]
[Date "1899-12-30"]
[Round "7.48"]
[White "Dmochowska, Agnieszka"]
[Black "Czerwinska, Milena"]
[Result "1-0"]
[WhiteTitle "WFM"]
[BlackTitle "WFM"]
[WhiteElo "2091"]
[BlackElo "1983"]

1. e4 d6 2. d4 Nf6 3. Nc3 e5 4. Nf3 Nbd7 5. Bc4 Be7 6. a4 a5 7. O-O O-O 8. Re1
c6 9. Ba2 Qc7 10. h3 exd4 11. Nxd4 Nc5 12. Qf3 Be6 13. Nf5 Bxf5 14. Qxf5 Nfd7
15. Bg5 Bxg5 16. Qxg5 Rae8 17. Rad1 Nb6 18. Re3 Qe7 19. Qg4 Qe5 20. Rg3 g6 21.
f4 Qe7 22. f5 Kh8 23. Qf4 Nxe4 24. Nxe4 Qxe4 25. Qxd6 Qxf5 26. Rb3 Nd5 27. Rxb7
Qxc2 28. Rf1 Kg8 29. Bxd5 cxd5 30. Qxd5 Rd8 31. Rfxf7 Qd1+ 32. Kh2 1-0

[Event "Druzynowe Mistrzostwa Polski w Szachach I LIGA 2021"]
[Site "Szklarska Poreba"]
[Date "1899-12-30"]
[Round "7.49"]
[White "Klimkowski, Jan"]
[Black "Tomczak, Mikolaj"]
[Result "1/2-1/2"]
[WhiteTitle "FM"]
[BlackTitle "IM"]
[WhiteElo "2342"]
[BlackElo "2435"]

1. e4 c5 2. Nf3 d6 3. d4 cxd4 4. Nxd4 Nf6 5. Nc3 Nc6 6. f3 e5 7. Nb3 Be7 8. Be3
O-O 9. Qd2 a5 10. Bb5 Na7 11. Bxa7 Rxa7 12. O-O-O Be6 13. a4 Qb6 14. Kb1 Raa8
15. g4 Rfd8 16. g5 Nh5 17. h4 Nf4 18. Nd5 Nxd5 19. exd5 Bf5 20. Ka2 Rdc8 21. c4
Qd8 22. f4 Bd7 23. Qd3 exf4 24. Rdf1 Bxb5 25. axb5 Bf8 26. Rxf4 g6 27. Rhf1 Rc7
28. Qf3 Qe8 29. Re4 Qd8 30. Rf4 Qe8 31. Re4 Qd8 32. Rf4 1/2-1/2

[Event "Druzynowe Mistrzostwa Polski w Szachach I LIGA 2021"]
[Site "Szklarska Poreba"]
[Date "1899-12-30"]
[Round "7.50"]
[White "Brozyna, Mateusz"]
[Black "Szadkowski, Kamil"]
[Result "0-1"]
[WhiteTitle "FM"]
[BlackTitle "FM"]
[WhiteElo "2297"]
[BlackElo "2338"]

1. d4 Nf6 2. Nf3 e6 3. g3 d5 4. Bg2 Be7 5. O-O O-O 6. b3 c5 7. c4 Nc6 8. cxd5 exd5
9. Bb2 Ne4 10. Nc3 Bf6 11. e3 Bg4 12. Ne2 Qa5 13. Re1 Rfe8 14. h3 Bh5 15. g4 Bg6
16. Nf4 Rad8 17. h4 cxd4 18. exd4 Qc7 19. Qc1 h6 20. Nxg6 fxg6 21. Ne5 Bxh4 22.
Rxe4 dxe4 23. Qc4+ Kh7 24. Bxe4 Rxe5 25. dxe5 Bxf2+ 26. Kg2 Bd4 27. Bxg6+ Kxg6
28. Qc2+ Kf7 29. Qh7 Qxe5 30. Rf1+ Ke7 31. Ba3+ Kd7 32. Rf5 Qe4+ 0-1

[Event "Druzynowe Mistrzostwa Polski w Szachach I LIGA 2021"]
[Site "Szklarska Poreba"]
[Date "1899-12-30"]
[Round "7.51"]
[White "Snihur, Piotr"]
[Black "Zochowski, Kacper"]
[Result "1/2-1/2"]
[WhiteTitle "k+"]
[BlackTitle "FM"]
[WhiteElo "2272"]
[BlackElo "2233"]

1. e4 d6 2. d4 g6 3. Nc3 Bg7 4. Bg5 a6 5. Qd2 b5 6. a4 b4 7. Nd5 a5 8. f4 c6 9.
Ne3 Nf6 10. Bd3 d5 11. Bxf6 Bxf6 12. e5 Bg7 13. Nf3 e6 14. h4 h5 15. Ng5 Qe7 16.
O-O-O Nd7 17. Rde1 Nb6 18. b3 Bd7 19. g4 1/2-1/2

[Event "Druzynowe Mistrzostwa Polski w Szachach I LIGA 2021"]
[Site "Szklarska Poreba"]
[Date "1899-12-30"]
[Round "7.52"]
[White "Hasterok, Mateusz"]
[Black "Leskiewicz, Ignacy"]
[Result "1-0"]
[WhiteTitle "k"]
[BlackTitle "k"]
[WhiteElo "2088"]
[BlackElo "2169"]

1. d4 e6 2. c4 Nf6 3. Nc3 Bb4 4. f3 d5 5. a3 Be7 6. e4 dxe4 7. fxe4 e5 8. d5 Bc5
9. Nf3 Bg4 10. h3 Bxf3 11. Qxf3 Nbd7 12. Be2 a5 13. Bg5 Qe7 14. Nb5 Rc8 15. O-O-O
O-O 16. Rhf1 Rfd8 17. Kb1 c6 18. Nc3 Kh8 19. g4 Bd4 20. Rc1 Rc7 21. Bd1 Nc5 22.
Re1 Bxc3 23. Bxf6 Qxf6 24. Qxc3 b6 25. Bc2 Qf4 26. Rcd1 cxd5 27. exd5 e4 28. Rd4
Re7 29. b4 axb4 30. axb4 Rb8 31. Rdd1 e3 32. d6 Ra7 33. Qxe3 Qxe3 34. Rxe3 Ne6
35. d7 Rd8 36. Bf5 Raxd7 37. Rxd7 Rxd7 38. Bxe6 fxe6 39. Rxe6 h5 40. Rxb6 hxg4
41. hxg4 Rd4 42. c5 Rxg4 43. c6 Rc4 44. b5 g5 45. Rb7 g4 46. c7 1-0

[Event "Druzynowe Mistrzostwa Polski w Szachach I LIGA 2021"]
[Site "Szklarska Poreba"]
[Date "1899-12-30"]
[Round "7.53"]
[White "Kwiatkowski, Wiktor"]
[Black "Adamczewski, Maciej"]
[Result "1/2-1/2"]
[WhiteTitle "I++"]
[BlackTitle "k"]
[WhiteElo "2077"]
[BlackElo "2011"]

1. e4 e6 2. d4 d5 3. Nc3 Nf6 4. Bg5 dxe4 5. Nxe4 Be7 6. Bxf6 gxf6 7. g3 Bd7 8.
Nf3 Bc6 9. Nc3 Nd7 10. Qe2 Nb6 11. Bg2 Nd5 12. O-O O-O 13. Ne4 b5 14. Rfd1 Nb6
15. Nc5 Qd6 16. Rac1 a6 17. c3 Nd7 18. Nd3 Bb7 19. Nf4 Rad8 20. b3 Kh8 21. c4
bxc4 22. bxc4 Bxf3 23. Qxf3 c5 24. d5 e5 25. Ne2 e4 26. Qxe4 Qe5 27. Qc2 Bd6 28.
Nc3 f5 29. Re1 Qf6 30. Bh3 Ne5 31. Qe2 Rg8 32. Kh1 Rg6 33. Qc2 Rh6 34. Kg2 f4
35. Ne4 f3+ 36. Kg1 Qg6 37. Nxd6 Qxd6 38. Qf5 f6 39. Bg4 Rg8 40. Bxf3 Rg5 41.
Qe4 Rh4 42. Qe2 Rd4 43. Bg2 Nd3 44. Qe6 Qf8 45. Rcd1 Nxe1 46. Rxe1 Re5 47. Rxe5
fxe5 48. Qxe5+ Qg7 49. Qb8+ Qg8 50. Qe5+ Qg7 51. Qb8+ Qg8 52. Qe5+ 1/2-1/2

[Event "Druzynowe Mistrzostwa Polski w Szachach I LIGA 2021"]
[Site "Szklarska Poreba"]
[Date "1899-12-30"]
[Round "7.54"]
[White "Rudzinska, Michalina"]
[Black "Pastuszko, Kinga"]
[Result "0-1"]
[WhiteTitle "WFM"]
[BlackTitle "k+"]
[WhiteElo "2222"]
[BlackElo "1984"]

1. Nf3 Nc6 2. d4 d5 3. b3 Bg4 4. Bb2 e6 5. e3 Nf6 6. Nbd2 Ne4 7. a3 Nxd2 8. Qxd2
Bxf3 9. gxf3 Qf6 10. f4 h6 11. Bb5 g5 12. O-O-O gxf4 13. Qa5 Kd8 14. Bxc6 bxc6
15. e4 Rg8 16. Qa6 Kd7 17. c4 f3 18. exd5 exd5 19. Kb1 Rg2 20. Rd2 Bd6 21. Ka2
Qf5 22. Rc1 Re8 23. Rdc2 Re2 24. Rxe2 fxe2 25. cxd5 Qxf2 26. Qxc6+ Kd8 27. Qa8+
Ke7 28. Rxc7+ Bxc7 29. d6+ Kxd6 30. d5 e1=Q 31. Qc6+ Ke7 32. Qxc7+ Kf8 33. Qd6+
Qe7 34. Qxh6+ Ke8 35. Qc6+ Kd8 36. Qa8+ Kc7 37. Qc6+ Kb8 0-1

[Event "Druzynowe Mistrzostwa Polski w Szachach I LIGA 2021"]
[Site "Szklarska Poreba"]
[Date "1899-12-30"]
[Round "7.55"]
[White "Psyk, Radoslaw"]
[Black "Ustianovich, Nazar"]
[Result "1/2-1/2"]
[WhiteTitle "k++"]
[BlackTitle "FM"]
[WhiteElo "2400"]
[BlackElo "2348"]

1. e4 c6 2. Nc3 d5 3. Nf3 dxe4 4. Nxe4 Nf6 5. Qe2 Nxe4 6. Qxe4 Qd5 7. Qh4 Qe6+
8. Be2 Qg4 9. Qg3 Qxg3 10. hxg3 g6 11. d4 Bg4 12. Bh6 Nd7 13. Rd1 Bxh6 14. Rxh6
Bh5 15. Ne5 Nf6 16. f4 Kf8 1/2-1/2

[Event "Druzynowe Mistrzostwa Polski w Szachach I LIGA 2021"]
[Site "Szklarska Poreba"]
[Date "1899-12-30"]
[Round "7.56"]
[White "Pniaczek, Marek"]
[Black "Zaskalski, Arkadiusz"]
[Result "1-0"]
[WhiteTitle "CM"]
[BlackTitle "k"]
[WhiteElo "2314"]
[BlackElo "2160"]

1. e4 c5 2. Nf3 Nc6 3. Bb5 g6 4. O-O Bg7 5. c3 Nf6 6. Re1 O-O 7. d4 cxd4 8. cxd4
d5 9. e5 Ne8 10. Nc3 Nc7 11. Bxc6 bxc6 12. h3 Ne6 13. Be3 f6 14. exf6 exf6 15.
Qd2 Rb8 16. b3 Qd6 17. Rac1 Bd7 18. Na4 Qb4 19. Qc2 Rfe8 20. Nb2 Bf8 21. Nd3 Qb6
22. h4 Ng7 23. Nc5 Bf5 24. Qb2 Rbd8 25. Qc3 Rc8 26. b4 Bd6 27. a3 Ne6 28. Qd2
Qc7 29. g3 Be4 30. Nxe4 dxe4 31. Nh2 Bxg3 32. fxg3 Qxg3+ 33. Qg2 Qxh4 34. Ng4
f5 35. Ne5 Nf4 36. Bxf4 Qxf4 37. Qh2 Qg5+ 38. Kh1 Qf6 39. Qf4 Qe6 40. Rg1 Re7
41. b5 cxb5 42. d5 Qa6 43. Rxc8+ Qxc8 44. d6 Rg7 45. Rc1 Qb7 46. d7 1-0

[Event "Druzynowe Mistrzostwa Polski w Szachach I LIGA 2021"]
[Site "Szklarska Poreba"]
[Date "1899-12-30"]
[Round "7.57"]
[White "Markiewicz, Jerzy"]
[Black "Smolka, Marcin"]
[Result "1/2-1/2"]
[WhiteTitle "FM"]
[BlackTitle "k"]
[WhiteElo "2197"]
[BlackElo "2210"]

1. e4 e5 2. Nf3 Nc6 3. Bb5 a6 4. Ba4 Nf6 5. O-O b5 6. Bb3 Bc5 7. a4 Rb8 8. c3 d6
9. d4 Bb6 10. axb5 axb5 11. h3 O-O 12. Re1 Bb7 1/2-1/2

[Event "Druzynowe Mistrzostwa Polski w Szachach I LIGA 2021"]
[Site "Szklarska Poreba"]
[Date "1899-12-30"]
[Round "7.58"]
[White "Musial, Tomasz"]
[Black "Augustyn, Sebastian"]
[Result "1-0"]
[WhiteTitle "k"]
[BlackTitle "k"]
[WhiteElo "2096"]
[BlackElo "2147"]

1. d4 g6 2. c4 Bg7 3. Nf3 c5 4. d5 b5 5. e4 bxc4 6. Bxc4 d6 7. O-O Nf6 8. e5 dxe5
9. Nxe5 O-O 10. Nc3 Bb7 11. Qb3 Qb6 12. Be3 Nbd7 13. Nd3 Ng4 14. Bg5 Qxb3 15.
axb3 Bf6 16. Bxf6 Ngxf6 17. Rfe1 Rfe8 18. Ra5 Kf8 19. Nxc5 Nxc5 20. Rxc5 Red8
21. Ra1 Rac8 22. Rb5 Rd7 23. Rxa7 Bxd5 24. Rxd7 Bxc4 25. bxc4 Nxd7 26. b3 e6 27.
Na4 Rc7 28. Kf1 Ke7 29. Ke2 Kd6 30. Kd3 Ne5+ 31. Kd4 Ng4 32. f3 Nxh2 33. c5+ Kd7
34. Nb6+ Kc6 35. Ra5 Nf1 36. b4 Nd2 37. Ra2 Nf1 38. Rb2 Kb5 39. Nc4 e5+ 40. Kd5
Ka4 41. b5 Ne3+ 42. Nxe3 1-0

[Event "Druzynowe Mistrzostwa Polski w Szachach I LIGA 2021"]
[Site "Szklarska Poreba"]
[Date "1899-12-30"]
[Round "7.59"]
[White "Mika, Tomasz"]
[Black "Bielczyk, Jacek"]
[Result "1/2-1/2"]
[WhiteTitle "I++"]
[BlackTitle "IM"]
[WhiteElo "2137"]
[BlackElo "2264"]

1. d4 d5 2. Bf4 Nf6 3. e3 c5 4. c3 Nc6 5. Nd2 Bf5 6. Ngf3 e6 7. Qa4 Rc8 8. Ne5
Qb6 9. Nxc6 bxc6 10. Ba6 Rd8 11. dxc5 Bxc5 12. b4 Bd6 13. Bxd6 Rxd6 14. c4 Rd8
15. c5 Qc7 16. Nb3 Bc2 17. Qa5 Qxa5 18. Nxa5 Ba4 19. Nb7 Rb8 20. Nd6+ Ke7 21.
Rb1 Ne8 22. Nxe8 Rhxe8 23. Kd2 Bb5 24. Bxb5 Rxb5 25. a4 Rb7 26. Rb2 Reb8 27. Rhb1
a6 28. Kc3 Kd7 29. f3 e5 30. e4 d4+ 31. Kc4 f6 32. f4 Ke6 33. g3 Rd7 34. Rb3 h6
35. Rd3 Rdb7 36. f5+ Ke7 37. g4 Kf7 38. h4 g5 39. hxg5 hxg5 40. Rh3 Kg7 41. Rb2
Kg8 42. Rb1 Kg7 43. Rb2 1/2-1/2

[Event "Druzynowe Mistrzostwa Polski w Szachach I LIGA 2021"]
[Site "Szklarska Poreba"]
[Date "1899-12-30"]
[Round "7.60"]
[White "Murawko, Katarzyna"]
[Black "Mirowska, Oliwia"]
[Result "1-0"]
[WhiteTitle "WCM"]
[BlackTitle "k"]
[WhiteElo "1974"]
[BlackElo "1778"]

1. e4 c5 2. Nf3 e6 3. c4 a6 4. Nc3 Nc6 5. Be2 Nf6 6. O-O Qc7 7. d4 cxd4 8. Nxd4
Bc5 9. Be3 d6 10. a3 O-O 11. b4 Ba7 12. Rc1 Bb8 13. f4 Ba7 14. Qd2 Bd7 15. Nb3
Rad8 16. Bxa7 Nxa7 17. Qe3 Nc6 18. g4 Bc8 19. g5 Nd7 20. Kh1 f6 21. g6 hxg6 22.
Rg1 Kf7 23. Nd5 Qb8 24. Qg3 exd5 25. Qxg6+ Ke7 26. exd5 Nce5 27. Qh7 Rf7 28. fxe5
Nxe5 29. Rxg7 Qa7 30. Rxf7+ Nxf7 31. Bh5 Rf8 32. Re1+ Kd8 33. Qg7 Rh8 34. Qxf7
1-0

[Event "Druzynowe Mistrzostwa Polski w Szachach I LIGA 2021"]
[Site "Szklarska Poreba"]
[Date "1899-12-30"]
[Round "7.61"]
[White "Goluch, Piotr"]
[Black "Fus, Jakub"]
[Result "1/2-1/2"]
[WhiteTitle "IM"]
[BlackTitle "FM"]
[WhiteElo "2318"]
[BlackElo "2376"]

1. d4 Nf6 2. c4 e6 3. Nc3 Bb4 4. Nf3 d5 5. Bg5 Nbd7 6. e3 c5 7. cxd5 exd5 8. Be2
Qa5 9. O-O c4 10. Bxf6 Nxf6 11. Qc2 O-O 12. Ne5 Re8 13. Rac1 g6 14. g4 Kg7 1/2-1/2

[Event "Druzynowe Mistrzostwa Polski w Szachach I LIGA 2021"]
[Site "Szklarska Poreba"]
[Date "1899-12-30"]
[Round "7.62"]
[White "Baum, Jonasz"]
[Black "Dzida, Kamil"]
[Result "0-1"]
[WhiteTitle "IM"]
[BlackTitle "k+"]
[WhiteElo "2254"]
[BlackElo "2224"]

1. e4 c5 2. Nf3 Nc6 3. Nc3 Nf6 4. Bb5 g6 5. h3 Nd4 6. e5 Nxb5 7. Nxb5 Nd5 8. Ng5
h6 9. Nxf7 Kxf7 10. Qf3+ Nf6 11. exf6 e6 12. Qg3 d5 13. c4 a6 14. Nc3 b5 15. cxd5
exd5 16. O-O Bd6 17. Qf3 Bb7 18. d4 Qxf6 19. Qxf6+ Kxf6 20. dxc5 Bxc5 21. Ne2
d4 22. Rd1 Rad8 23. b4 Bxb4 24. Bb2 Rhe8 25. Nxd4 Kf7 26. Rac1 Rd7 27. Nc2 Bd2
28. Bc3 Bxc1 29. Rxd7+ Re7 30. Rxe7+ Kxe7 31. f3 Bd5 32. Kf2 Bc4 33. a3 Kd6 34.
Bb4+ Kc6 35. g3 Kb6 36. f4 Be6 37. Kg2 a5 38. Bf8 Bb2 39. g4 Bb3 40. Ne3 b4 41.
axb4 a4 42. b5 a3 43. Bxa3 Bxa3 44. Kf3 Bc1 45. f5 g5 46. Ke4 Kxb5 47. Nd5 Kc5
48. Ne7 Bb2 49. Ng6 Bd5+ 50. Ke3 Bf7 51. Ke4 Kd6 52. h4 Bxg6 53. fxg6 Ke6 54.
Kd3 Bg7 55. Ke4 Kf6 56. h5 Ke6 57. Kd3 Kd5 58. Ke3 Ke5 0-1

[Event "Druzynowe Mistrzostwa Polski w Szachach I LIGA 2021"]
[Site "Szklarska Poreba"]
[Date "1899-12-30"]
[Round "7.63"]
[White "Jankowiak, Tomasz"]
[Black "Dalkowski, Rafal"]
[Result "1-0"]
[WhiteTitle "k"]
[BlackTitle "k"]
[WhiteElo "2169"]
[BlackElo "2252"]

1. e4 c6 2. d4 d5 3. exd5 cxd5 4. c4 Nf6 5. Nc3 g6 6. cxd5 Bg7 7. Qb3 O-O 8. Be2
Nbd7 9. Bf3 Nb6 10. Nge2 Qd7 11. O-O Rd8 12. Nf4 g5 13. Nd3 g4 14. Ne5 Qf5 15.
Be2 Nbxd5 16. Nxd5 Nxd5 17. Bxg4 Qe4 18. Bf3 Qxd4 19. Nxf7 Kxf7 20. Rd1 Qe5 21.
Bxd5+ Be6 22. Qf3+ Kg8 23. Bxe6+ Qxe6 24. Bg5 Qe5 25. Qg4 Qxb2 26. Qe6+ Kh8 27.
Bxe7 Rd2 28. Rab1 Qc2 29. Rdc1 Qxa2 30. Rc8+ Rxc8 31. Qxc8+ Qg8 32. Qxb7 Qe8 33.
Qb8 Qg8 34. Qxa7 Bd4 35. Qxd4+ Rxd4 36. Bf6+ 1-0

[Event "Druzynowe Mistrzostwa Polski w Szachach I LIGA 2021"]
[Site "Szklarska Poreba"]
[Date "1899-12-30"]
[Round "7.64"]
[White "Jarzebowski, Kacper"]
[Black "Jankowiak, Piotr"]
[Result "1-0"]
[WhiteTitle "k+"]
[BlackTitle "k"]
[WhiteElo "2090"]
[BlackElo "2080"]

1. c4 Nf6 2. g3 e6 3. Bg2 d5 4. Nf3 c5 5. cxd5 exd5 6. d4 Nc6 7. O-O b6 8. Nc3
Be7 9. Bg5 Be6 10. Qa4 Qd7 11. Rfd1 h6 12. Bxf6 Bxf6 13. dxc5 bxc5 14. e4 d4 15.
e5 Nxe5 16. Nxe5 Qxa4 17. Nxa4 Rc8 18. Re1 O-O 19. b3 Rfe8 20. Rac1 Bf5 21. Nc4
Red8 22. Be4 Bxe4 23. Rxe4 Rd5 24. Nab2 d3 25. Rd1 Rcd8 26. Re3 d2 27. Na4 Bd4
28. Re2 Bf6 29. Rexd2 1-0

[Event "Druzynowe Mistrzostwa Polski w Szachach I LIGA 2021"]
[Site "Szklarska Poreba"]
[Date "1899-12-30"]
[Round "7.65"]
[White "Statucki, Maciej"]
[Black "Mulawa, Cyprian"]
[Result "1/2-1/2"]
[WhiteTitle "I"]
[BlackTitle "I"]
[WhiteElo "1833"]
[BlackElo "1981"]

1. e4 c5 2. Nf3 d6 3. d4 cxd4 4. Nxd4 Nf6 5. Nc3 Nc6 6. Bg5 e6 7. Qd2 a6 8. f4
Bd7 9. O-O-O b5 10. a3 Qb6 11. Be2 Be7 12. Bf3 Rd8 13. Rhe1 h6 14. Bxf6 Bxf6 15.
Nxc6 Bxc6 16. Nd5 Bxd5 17. exd5 e5 18. g4 Kd7 19. Kb1 exf4 20. Qxf4 Rhe8 21. h4
Rxe1 22. Rxe1 Qd4 23. Qf5+ Kc7 24. c3 Qf2 25. Re2 Qg3 26. c4 bxc4 27. Rc2 Qg1+
28. Ka2 Qd4 29. g5 hxg5 30. hxg5 Be5 31. Be2 Kb8 32. Bxc4 Rc8 33. Qh3 Qb6 34.
Qf1 Rc7 1/2-1/2

[Event "Druzynowe Mistrzostwa Polski w Szachach I LIGA 2021"]
[Site "Szklarska Poreba"]
[Date "1899-12-30"]
[Round "7.66"]
[White "Rejniak, Zuzanna"]
[Black "Czarniecka, Aleksandra"]
[Result "1/2-1/2"]
[WhiteTitle "k"]
[BlackTitle "m"]
[WhiteElo "1810"]
[BlackElo "2021"]

1. e4 c5 2. Nf3 d6 3. Bb5+ Bd7 4. Bxd7+ Qxd7 5. O-O Nc6 6. c3 Nf6 7. Qe2 g6 8.
d4 cxd4 9. cxd4 Bg7 10. Rd1 O-O 11. Nc3 Rac8 12. Be3 d5 13. e5 Ne8 14. Qd2 Nc7
15. Bh6 Ne6 16. Bxg7 Kxg7 17. Rac1 h5 18. Ne2 Rc7 19. Rc3 Rfc8 20. Ng5 Ncd8 21.
Nxe6+ Nxe6 22. Rdc1 Qa4 23. Rxc7 Rxc7 24. Rxc7 Nxc7 25. b3 Qb5 26. h3 Ne6 27.
Nf4 Nxf4 28. Qxf4 Qe2 29. Qh4 Kf8 30. Qf4 Kg7 31. Qh4 Kf8 32. Qf4 Ke8 33. Qc1
Kf8 34. Qc8+ Kg7 35. Qxb7 Qd1+ 36. Kh2 Qxd4 37. Qxe7 Qf4+ 38. Kg1 Qc1+ 1/2-1/2

[Event "Druzynowe Mistrzostwa Polski w Szachach I LIGA 2021"]
[Site "Szklarska Poreba"]
[Date "1899-12-30"]
[Round "7.67"]
[White "Marczuk, Dominik"]
[Black "Lewtak, Damian"]
[Result "1-0"]
[WhiteTitle "FM"]
[BlackTitle "IM"]
[WhiteElo "2280"]
[BlackElo "2397"]

1. e4 e6 2. d4 d5 3. Nc3 Bb4 4. e5 Qd7 5. a3 Bxc3+ 6. bxc3 b6 7. Qg4 f5 8. Qh5+
Qf7 9. Qf3 Ne7 10. h4 Ba6 11. Bxa6 Nxa6 12. Nh3 Nc6 13. Ng5 Qd7 14. Qh5+ Kf8 15.
g4 h6 16. gxf5 exf5 17. Nh3 Qf7 18. Qf3 Ne7 19. a4 c6 20. Ba3 Nc7 21. Nf4 Ne6
22. Rg1 Nxf4 23. Qxf4 g6 24. a5 b5 25. e6 Qxe6+ 26. Kd2 Re8 27. Rae1 Qf6 28. Rxe7
Rxe7 29. Re1 1-0

[Event "Druzynowe Mistrzostwa Polski w Szachach I LIGA 2021"]
[Site "Szklarska Poreba"]
[Date "1899-12-30"]
[Round "7.68"]
[White "Kumala, Aleksander"]
[Black "Chmiel, Marcin"]
[Result "1/2-1/2"]
[WhiteTitle "CM"]
[BlackTitle "k+"]
[WhiteElo "2140"]
[BlackElo "2232"]

1. e4 c6 2. d4 d5 3. Nc3 dxe4 4. Nxe4 Bf5 5. Nc5 e5 6. Nxb7 Qb6 7. Nc5 exd4 8.
Nb3 Bb4+ 9. Bd2 Nf6 10. Bxb4 Qxb4+ 11. Qd2 Qxd2+ 12. Kxd2 O-O 13. f3 c5 14. Re1
Nbd7 15. Bc4 Nb6 16. Ba6 Na4 17. Re5 Bg6 18. Nxc5 Nxb2 19. Ne2 Rab8 20. Nxd4 Rfd8
21. c3 Ne8 22. Ke2 Rb6 23. Bb5 f6 24. Re6 Nc7 25. Rxb6 axb6 26. Nce6 Nxe6 27.
Nxe6 Rc8 28. Kd2 Bf7 29. Re1 Nc4+ 30. Bxc4 Rxc4 31. Kc2 Ra4 32. Kb2 Ra5 33. c4
Re5 34. Rxe5 fxe5 35. c5 Bxe6 36. cxb6 Bd5 37. Kc3 g5 38. Kb4 g4 39. Kc5 gxf3
40. Kxd5 fxg2 41. b7 g1=Q 42. b8=Q+ Kf7 43. Qc7+ Kg8 44. Qd8+ Kg7 45. Qe7+ Kg8
46. Qe8+ Kg7 47. Qxe5+ Kf7 48. Qc7+ Ke8 49. Qc8+ Kf7 50. Qf5+ Kg8 51. Qe6+ Kg7
52. Qe5+ Kf7 53. Qf4+ Ke8 54. a4 Qd1+ 55. Qd4 Qb3+ 56. Kd6 Qb8+ 57. Ke6 Qb3+ 58.
Ke5 Qb8+ 59. Qd6 Qb2+ 60. Ke6 Qb3+ 61. Kf6 Qf3+ 62. Kg7 Qg4+ 63. Kxh7 Qg7+ 64.
Kxg7 1/2-1/2

[Event "Druzynowe Mistrzostwa Polski w Szachach I LIGA 2021"]
[Site "Szklarska Poreba"]
[Date "1899-12-30"]
[Round "7.69"]
[White "Gbyl, Andrzej"]
[Black "Kasperek, Ryszard"]
[Result "1/2-1/2"]
[WhiteTitle "k+"]
[BlackTitle "m"]
[WhiteElo "2204"]
[BlackElo "2163"]

1. d4 Nf6 2. Nf3 g6 3. Bf4 Bg7 4. e3 c5 5. Nbd2 O-O 6. Be2 b6 7. c3 d6 8. h3 Bb7
9. O-O Nbd7 10. Bh2 a6 11. a4 Ra7 12. Ne1 Qa8 13. Bf3 Ne4 14. Nxe4 Bxe4 15. Bxe4
Qxe4 16. Nf3 Nf6 1/2-1/2